00657nam a2200169Ia 450000500170000000800410001702000150005808200130007310000220008624500290010826000470013730000140018450001730019894200060037195200950037799900150047220241024025855.0240331s9999 xx 000 0 und d a9555800502 bCHAa822 aChandrasekaram, V 0aForbidden area :bA play aColombobRajah & Sundram Publishersc2000 a41 p .,  a"Forbidden Area" was originally written in Sinhala Language as " Thahanam Adaviya" by Visakesa Chandrasekaram, then produced and performed in Colombo in November 1997.  cL 001040708LaWERCLbWERCLcSSCd2024-03-31l0o 823 CHAp1953r2024-03-31w2024-03-31yL c3354d3354